000 01081nam a2200301 a 4500
999 _c24423
_d24423
001 2028806
003 BDDh-ASL
005 20231015030350.0
008 920313s1991 bg ab b f000 0 eng
010 _a 91909399
025 _aB-E-7013
040 _aDLC
_cDLC
_dDLC
_dBDDh-ASL
043 _aa-bg---
050 0 0 _aTC504.65
_b.A36 1991
082 0 0 _a363.3493
_220
_bSHF
100 1 _aAdnan, Shapan.
245 1 0 _aFloods, people, and the environment :
_binstitutional aspects of flood protection programmes in Bangladesh, 1990 /
_cShapan Adnan ; with support from M.A. Ghani ... [et al.].
250 _a1st ed.
260 _aDhaka, Bangladesh :
_bResearch & Advisory Services,
_cc1991.
300 _a127 p. :
_bill., maps ;
_c29 cm.
504 _aIncludes bibliographical references (p. 120).
650 0 _aFlood control
_zBangladesh.
650 0 _aFloods
_zBangladesh.
700 1 _aGhani, M. A.
906 _a7
_bcbc
_corignew
_d3
_encip
_f19
_gy-gencatlg
942 _2ddc
_cBK